logo

Bir Sreshtho Munshi Abdur Rouf Library
Jhenaidah Cadet College

The art of negotiating / (Record no. 14098)

MARC details
000 -LEADER
fixed length control field 01385cgm a22003495a 4500
001 - CONTROL NUMBER
JCCL Control Number 14098
003 - CONTROL NUMBER IDENTIFIER
JCCL marc code BD-JhCC
005 - DATE AND TIME OF LATEST TRANSACTION
control field 20241209121850.0
008 - FIXED-LENGTH DATA ELEMENTS--GENERAL INFORMATION
fixed length control field 010424s1978 xxu vleng
017 ## - COPYRIGHT OR LEGAL DEPOSIT NUMBER
Copyright or legal deposit number PA59-684
Assigning agency U.S. Copyright Office
035 ## - SYSTEM CONTROL NUMBER
system control number (BD-JhCC)14098
040 ## - CATALOGING SOURCE
Original cataloging agency DLC
Transcribing agency DLC
Modifying agency DLC
Description conventions amim
Modifying agency DLC
041 ## - LANGUAGE CODE
Language code of Book english
050 00 - LIBRARY OF CONGRESS CALL NUMBER
Classification number VBJ 6243 (viewing copy)
082 ## - DEWEY DECIMAL CLASSIFICATION NUMBER
Classification number 658.4
Author mark and Year NIE 1978
100 ## - MAIN ENTRY--PERSONAL NAME
Personal name Nierenberg,Gerard I.
245 04 - TITLE STATEMENT
Title The art of negotiating /
Statement of responsibility, etc Gerard I. Nierenberg .
246 30 - VARYING FORM OF TITLE
Title proper/short title Application of non-verbal communications
260 ## - PUBLICATION, DISTRIBUTION, ETC. (IMPRINT)
Date of publication, distribution, etc Garden City Park:
Place of publication, distribution, etc Square One Publishers,
Name of publisher, distributor, etc 1978.
300 ## - PHYSICAL DESCRIPTION
Pagination 1 videocassette of 1 :
Other physical details sd., col. ;
Dimensions 3/4 in.
Materials specified viewing copy.
500 ## - GENERAL NOTE
General note Copyright: Gerard I. Nierenberg. DCR 1978; PUB 1Oct78; REG 5Mar80; PA59-684.
500 ## - GENERAL NOTE
General note Date is year of production.
500 ## - GENERAL NOTE
General note Unable to locate audio cassette that came with videocassette as a multi media kit; audio cassette may have been lost or destroyed.
500 ## - GENERAL NOTE
General note Sources used: copyright data base; videocassette container and label; M/B/RS preliminary catalog card.
541 ## - IMMEDIATE SOURCE OF ACQUISITION NOTE
Materials specified viewing copy;
655 #7 -
Genre/form data or focus term Documentary films.
Source of term lcgft
655 #7 -
Genre/form data or focus term Educational films.
Source of term lcgft
655 #7 -
Genre/form data or focus term Instructional films.
Source of term lcgft
655 #7 -
Genre/form data or focus term Nonfiction films.
Source of term lcgft
710 2# - ADDED ENTRY--CORPORATE NAME
Corporate name or jurisdiction name as entry element Copyright Collection (Library of Congress)
Institution to which field applies DLC
942 ## - ADDED ENTRY ELEMENTS (KOHA)
Source of classification or shelving scheme Dewey Decimal Classification
Koha item type Books
Holdings
Source of classification or shelving scheme Damaged status Not for loan Home library Current library Shelving location Date of accession Source of acquisition Total Checkouts Full call number Barcode Date last seen Copy number Method of acquisition Koha item type Currency
Dewey Decimal Classification     JCC Rouf Library JCC Rouf Library General Stacks   With the compliments of Maj (Retd) Syed Sakhawat Hussain,07/0388/K   658.4 NIE 1978 19798 12/09/2024 C-1 Gift/Donation Books BDT

JCC Library | Contacts | JCC Home

Last Update on 23 September 2017
Copyright @ 2017-2020 JCC Rouf Library
Rouf Library, Jhenidah Cadet College (JCC), Bangladesh